Armenia all time starting xi - Statistics

General Stats
  • This quiz has been taken 8 times
  • The average score is 2 of 11
Answer Stats
Hint Answer % Correct
MF(2007-2021 Henrik Mkhitaryan
100%
DF(2011-2025 Varazdat Haroyan
33%
FW(2010-2018 Yura Movsisyan
33%
MF(1992-2004 Artur Petrosyan
17%
FW(2016-2025 Tigran Barseghyan
17%
FW(2007-2023 Gevorg Ghazaryan
0%
DF(2012- Kamo Hovhannisyan
0%
MF(2008-2019 Karlen Mkrtchyan
0%
DF(2005-2016 Robert Arzumanyan
0%
GK(1996-2016 Roman Berezovskiy
0%
DF(1992-2012 Sargis Hovsepyan
0%
No matching quizzes found
Score Distribution
Percent of People with Each Score
Percentile by Number Answered
Your Score History
You have not taken this quiz